|
|
|
|
| LEADER |
00000ny a22000003n 4500 |
| 005 |
2011061003373.0 |
| 008 |
010223s2003 sp fs 001 0 spa c |
| 020 |
|
|
|a 8481558087
|
| 035 |
|
|
|a 185
|
| 040 |
|
|
|a UMA.RE
|d vLex
|
| 080 |
|
|
|a 343.22(460)
|
| 090 |
|
|
|c 631
|d 631
|
| 100 |
1 |
|
|a Gm̤ez Gonzl̀ez, Orlando T.
|
| 245 |
1 |
0 |
|a Participacin̤ criminal
|h [Recurso electrn̤ico]
|b anl̀isis doctrinal y jurisprudencial /
|c Orlando T. Gm̤ez Gonzl̀ez
|
| 256 |
|
|
|a Servicio en ln̕ea
|
| 260 |
|
|
|a Madrid :
|b Dykinson,
|c 2003
|
| 300 |
|
|
|a p. ;
|c cm.
|
| 506 |
1 |
|
|a Contenido solo disponible en los productos indicados
|d vLex Global
|d vLex Global (Academic Edition, excluding Law Schools)
|d vLex Global (U.S. Academic Edition, Law Schools)
|d vLex Global (U.S. Academic Edition, excluding Law Schools)
|d vLex Global (Academic Edition, Law Schools)
|
| 650 |
0 |
7 |
|a Penal
|2 Tesauro vLex
|
| 650 |
0 |
7 |
|a Participacin̤ en el delito
|2 Tesauro vLex
|
| 740 |
0 |
|
|a vLex Libros (Servicios en ln̕ea)
|
| 856 |
4 |
0 |
|u http://vlex.com/source/185
|z Acceso restringido
|
| 942 |
|
|
|c BOOK
|
| 999 |
0 |
|
|a Criminal Law
|b Madrid
|